| 000 | 00723nam a22002057a 4500 | ||
|---|---|---|---|
| 005 | 20100809145739.0 | ||
| 010 | _aENG-99100 | ||
| 020 |
_a9788190909235 _c100.00 |
||
| 035 | _aEN-82632s | ||
| 037 | _bDBAD/PUB | ||
| 082 | _aS | ||
| 100 |
_aChitralekha,D. _910151 |
||
| 245 |
_aA kaleidoscopic vision of Jonathan Swift in Gulliver's travels/ _cby D.Chitralekha |
||
| 260 |
_aMaduravayal _bDuvaraga Publication _c2009 |
||
| 270 |
_a1,Valli Street,Karthikeyan Nagar _bChennai _e95 |
||
| 300 |
_a153p. _c20cm (pbk) |
||
| 500 | _aIncludes bibliographical references | ||
| 942 |
_2ddc _cEN _hS _mCHI |
||
| 999 |
_c40395 _d40395 |
||